Tous les joueurs ayant été appelés en edf depuis la CDM 2022 - Statistiques

Statistiques générales
  • Ce quiz a été pris 709 fois
  • Le résultat moyen est 24 sur 28
Statistiques - réponses
Poste Club Joueur % Correct
Gardien Ac Milan Maignan
97%
Attaquant Psg/Paris Mbappé
96%
Milieu Réal Madrid Camavinga
95%
Attaquant Ac Milan Giroud
94%
Défenseur Ac Milan Hernandez
94%
Gardien West Ham Aréola
93%
Attaquant Atlético Madrid Griezmann
93%
Milieu Réal Madrid Tchouameni
93%
Attaquant Francfort Kolo Muani
91%
Attaquant Barcelone Dembele
90%
Défenseur Liverpool Konaté
90%
Défenseur Barcelone Koundé
90%
Milieu Juventus Rabiot
90%
Gardien Lens Samba
90%
Défenseur Bayern Munich Pavard
89%
Défenseur Arsenal Saliba
89%
Milieu Nice Thuram
89%
Attaquant Monchengladbach Thuram
89%
Attaquant Bayern Munich Coman
87%
Défenseur Bayern Munich Upamecano
87%
Défenseur Chelsea Fofana
83%
Milieu As Monaco Fofana
83%
Défenseur Réal Madrid Mendy
81%
Attaquant Leipzig Nkunku
80%
Milieu OM/Marseille Veretout
77%
Défenseur As Monaco Disasi
71%
Attaquant Bayer Leverkusen Diaby
69%
Milieu Aston Villa Kamara
60%
Aucun quiz correspondant
Distribution des résultats
% des personnes avec chaque résultat
Percentile par nombre de réponses
Votre historique - résultats
Vous n’avez pas pris ce quiz